000 00711nam a2200205 i 4500
001 34645
003 ES-MaACL
005 20230906154954.0
007 t|
008 030207s1914 sp ||||1| spa d
080 _a821.134.2-83"18"
100 1 _aBonilla y San Martín, Adolfo,
_d1875-1926
_930193
245 1 0 _aColoquios filosóficos
_b: Proteo o del devenir /
_cAdolfo Bonilla y San Martín.
260 _aMadrid :
_b[s.n.],
_c1914 (
_fImp. Clásica Española)
300 _a168 p. ;
_c20 cm.
530 _aDisponible en formato digital.
852 _aES-MaACL
_jT-1406-F-7
856 _uhttp://bdh-rd.bne.es/viewer.vm?id=0000045600&page=1
_zBiblioteca Digital Hispánica
999 _c34645
_d34645